<?xml version="1.0" encoding="UTF-8"?>
<record
    xmlns:xsi="http://www.w3.org/2001/XMLSchema-instance"
    xsi:schemaLocation="http://www.loc.gov/MARC21/slim http://www.loc.gov/standards/marcxml/schema/MARC21slim.xsd"
    xmlns="http://www.loc.gov/MARC21/slim">

  <leader>00857cam a2200265 i 4500</leader>
  <controlfield tag="001">84948</controlfield>
  <controlfield tag="003">BD-RjUL</controlfield>
  <controlfield tag="005">20250519114248.0</controlfield>
  <controlfield tag="008">250520s1978    ii            000 0burdo </controlfield>
  <datafield tag="020" ind1=" " ind2=" ">
    <subfield code="c">Rs20.00</subfield>
  </datafield>
  <datafield tag="035" ind1=" " ind2=" ">
    <subfield code="a">(BD-RjUL)84948</subfield>
  </datafield>
  <datafield tag="040" ind1=" " ind2=" ">
    <subfield code="a">DLC</subfield>
    <subfield code="c">DLC</subfield>
    <subfield code="d">DLC</subfield>
    <subfield code="b">eng</subfield>
  </datafield>
  <datafield tag="041" ind1=" " ind2=" ">
    <subfield code="a">urd</subfield>
  </datafield>
  <datafield tag="082" ind1=" " ind2=" ">
    <subfield code="2">23</subfield>
    <subfield code="a">891.4391092</subfield>
    <subfield code="b">ABN 1978</subfield>
  </datafield>
  <datafield tag="100" ind1=" " ind2=" ">
    <subfield code="a"> &#x639;&#x628;&#x651;&#x627;&#x633;&#x649;&#x60C; &#x646;&#x633;&#x649;&#x645; ;; &#x2BB;Abb&#x101;s&#x12B;,Nas&#x12B;m   </subfield>
    <subfield code="9">15519</subfield>
  </datafield>
  <datafield tag="245" ind1="0" ind2="0">
    <subfield code="a">&#x646;&#x642;&#x62F; &#x641;&#x649;&#x636; / Naqd-i Fai&#x1E93; /</subfield>
    <subfield code="c">&#x645;&#x631;&#x62A;&#x651;&#x628;&#x6C1;&#x60C; &#x646;&#x633;&#x649;&#x645; &#x639;&#x628;&#x651;&#x627;&#x633;&#x649;.,&#x60C; (Editor) / Nas&#x12B;m &#x2BB;Abb&#x101;s&#x12B;.</subfield>
  </datafield>
  <datafield tag="250" ind1=" " ind2=" ">
    <subfield code="a">1st.ed.</subfield>
  </datafield>
  <datafield tag="260" ind1=" " ind2=" ">
    <subfield code="a">Dihl&#x12B; :</subfield>
    <subfield code="b">Buk Sarvis,</subfield>
    <subfield code="c">1978.</subfield>
  </datafield>
  <datafield tag="300" ind1=" " ind2=" ">
    <subfield code="a">360 p. ;</subfield>
    <subfield code="c">19 cm.</subfield>
  </datafield>
  <datafield tag="600" ind1="1" ind2="0">
    <subfield code="a">Faiz&#x324;, Faiz&#x324; A&#x1E25;mad,</subfield>
    <subfield code="d">1911-1984.</subfield>
    <subfield code="9">15215</subfield>
  </datafield>
  <datafield tag="650" ind1=" " ind2="0">
    <subfield code="a">Poets, Urdu</subfield>
    <subfield code="y">20th century</subfield>
    <subfield code="v">Biography.</subfield>
    <subfield code="9">15520</subfield>
  </datafield>
  <datafield tag="700" ind1="1" ind2=" ">
    <subfield code="a">&#x2BB;Abb&#x101;s&#x12B;, Nas&#x12B;m. &#x639;&#x628;&#x651;&#x627;&#x633;&#x649;&#x60C; &#x646;&#x633;&#x649;&#x645;</subfield>
    <subfield code="9">15521</subfield>
  </datafield>
  <datafield tag="942" ind1=" " ind2=" ">
    <subfield code="2">ddc</subfield>
    <subfield code="c">BK</subfield>
  </datafield>
  <datafield tag="999" ind1=" " ind2=" ">
    <subfield code="c">84948</subfield>
    <subfield code="d">84948</subfield>
  </datafield>
  <datafield tag="952" ind1=" " ind2=" ">
    <subfield code="0">0</subfield>
    <subfield code="1">0</subfield>
    <subfield code="2">ddc</subfield>
    <subfield code="4">0</subfield>
    <subfield code="7">1</subfield>
    <subfield code="8">NFIC</subfield>
    <subfield code="a">RUCL</subfield>
    <subfield code="b">RUCL</subfield>
    <subfield code="c">Reading</subfield>
    <subfield code="d">2025-05-19</subfield>
    <subfield code="l">0</subfield>
    <subfield code="o">U 891.4391092 ABN 1978</subfield>
    <subfield code="r">2025-05-19 00:00:00</subfield>
    <subfield code="t">C-1</subfield>
    <subfield code="w">2025-05-19</subfield>
    <subfield code="y">BK</subfield>
  </datafield>
</record>
